000 00582nam a2200157 a 4500
008 210303s2012 ||||||||||||||||| || u
020 _a9785865476665
050 _aPG 2900 Max
100 _aMaximova, A.L
245 1 0 _a10 lessons of Russian language etiquette (4th edition)
_cA.L Maximova
250 _a4th edition
260 _aSt. Petersburg
_c2012
300 _a103 pages: illustrations
650 _aRUSSIAN LITERATURE
995 _FCBU-MAIN LIBRARY (Kitwe)
_M1
_UAVAILABLE
_WMar 3, 2021
_ZMain Library Open Access Collection
999 _c33040
_d33040